| 000 | 00370nam a22001577a 4500 | ||
|---|---|---|---|
| 005 | 20251108172611.0 | ||
| 008 | 250721s9999 xx 000 0 eng d | ||
| 082 | 1 | 4 | _a338.88RAM |
| 100 | 1 | _aRam, S. Shiva | |
| 245 | 1 | 0 | _aInternational business / |
| 264 | 1 | _aNew Delhi : | |
| 300 | _a256 p | ||
| 650 | 1 | 7 | _aInternational Bsiness |
| 942 |
_2ddc _cBK |
||
| 999 |
_c83655 _d83655 |
||